Logique - Mort Subite #14 - Statistiques

Statistiques générales
  • Ce quiz a été pris 244 fois
  • Le résultat moyen est 4 sur 12
Answers on the Grid
Answers color-coded by a green-red scale on the quiz's grid according to % correct below.
Marseille
Fait vriller
Cigarette
Doute
Séjour
Join
Minuit
Se mène
Ju y est aller
Descent breton
Andouille
J'enviai la fin
Médaille
Skiable
Un cep tant breveté
Neuve ambre
Armistice
Avril Lavigne
Haddock taux bref
Lave-vaisselle
 
Statistiques - réponses
Réponse % Correct
Marseille
65%
Fait vriller
46%
Join
39%
Ju y est aller
38%
Avril Lavigne
34%
J'enviai la fin
31%
Neuve ambre
30%
Un cep tant breveté
29%
Descent breton
28%
Doute
28%
Haddock taux bref
26%
Médaille
21%
Aucun quiz correspondant
Distribution des résultats
% des personnes avec chaque résultat
Percentile par nombre de réponses
Votre historique - résultats
Vous n’avez pas pris ce quiz